[Event "San Jose Metropolitano op-B 45th"]
[Site "San Jose"]
[Date "2024.12.27"]
[Round "4"]
[White "Ruiz Alfaro, Darrel"]
[Black "Solis Prieto, Javier"]
[Result "0-1"]
[WhiteElo "1846"]
[BlackElo "1722"]
[PlyCount "56"]
[EventDate "2024.12.26"]
[EventType "tourn"]
[EventRounds "9"]
[EventCountry "CRI"]
[SourceTitle "CB02_2025"]
[SourceDate "2025.01.08"]
[SourceVersion "1"]
[SourceVersionDate "2025.01.08"]
[SourceQuality "1"]

1. c4 Nf6 2. Nc3 d5 3. cxd5 Nxd5 4. e4 Nxc3 5. bxc3 g6 6. d4 Bg7 7. Bc4 c5 8. Ne2 0-0 9. 0-0 Qc7 10. d5 Nd7 11. f4 Nb6 12. Bd3 c4 13. Bc2 Bg4 14. Rb1 Qc5+ 15. Kh1 Bxc3 16. h3 Bxe2 17. Qxe2 e6 18. Qf3 Qa5 19. a4 Bb4 20. dxe6 fxe6 21. Qg4 Rae8 22. f5 exf5 23. exf5 Re1 24. Rxe1 Bxe1 25. fxg6 Rf1+ 26. Kh2 Qe5+ 27. g3 h5 28. Bf4 Qd5 0-1

[Event "San Jose Metropolitano op-B 45th"]
[Site "San Jose"]
[Date "2024.12.26"]
[Round "1"]
[White "Mendez Dimarco, Steven Jose"]
[Black "Ruiz Alfaro, Darrel"]
[Result "0-1"]
[WhiteElo "1480"]
[BlackElo "1846"]
[PlyCount "56"]
[EventDate "2024.12.26"]
[EventType "tourn"]
[EventRounds "9"]
[EventCountry "CRI"]
[SourceTitle "CB02_2025"]
[SourceDate "2025.01.08"]
[SourceVersion "1"]
[SourceVersionDate "2025.01.08"]
[SourceQuality "1"]

1. d4 Nf6 2. Nf3 e6 3. e3 b6 4. Bd3 Bb7 5. c3 Be7 6. 0-0 0-0 7. Nbd2 d5 8. Re1 c5 9. e4 dxe4 10. Nxe4 cxd4 11. Nxd4 Nbd7 12. Bg5 Re8 13. Bxf6 Nxf6 14. Nxf6+ Bxf6 15. Qh5 g6 16. Qh6 e5 17. Be4 Bxe4 18. Rxe4 exd4 19. Rxe8+ Qxe8 20. cxd4 Bxd4 21. Qd2 Rd8 22. Re1 Qc6 23. Qf4 Bxb2 24. h4 Bc3 25. Re7 Rd1+ 26. Kh2 Qf6 27. Qb8+ Kg7 28. Re8 Qxh4# 0-1

[Event "San Jose Metropolitano op-B 45th"]
[Site "San Jose"]
[Date "2024.12.26"]
[Round "2"]
[White "Ruiz Alfaro, Darrel"]
[Black "Vindas Vega, Adriel"]
[Result "1-0"]
[WhiteElo "1846"]
[BlackElo "1591"]
[PlyCount "105"]
[EventDate "2024.12.26"]
[EventType "tourn"]
[EventRounds "9"]
[EventCountry "CRI"]
[SourceTitle "CB02_2025"]
[SourceDate "2025.01.08"]
[SourceVersion "1"]
[SourceVersionDate "2025.01.08"]
[SourceQuality "1"]

1. c4 Nf6 2. Nc3 e6 3. Nf3 d5 4. cxd5 exd5 5. d4 Be7 6. Bg5 0-0 7. e3 Bf5 8. Qb3 Be4 9. Nd2 Nbd7 10. f3 Bg6 11. h4 h6 12. Bf4 Nh5 13. Nxd5 Nxf4 14. Nxf4 Bxh4+ 15. Kd1 Bh7 16. Rc1 Bg5 17. g3 Nb6 18. Bd3 Bxd3 19. Qxd3 Qe7 20. Ne4 Rfd8 21. Rc5 Na4 22. Rb5 c6 23. Nxg5 Qxg5 24. Rxg5 Nxb2+ 25. Kd2 Nxd3 26. Rxh6 f6 27. Rxf6 Nxf4 28. Rxf4 Rac8 29. Re4 Rd7 30. Kc3 Rf8 31. f4 Rf6 32. Re8+ Kf7 33. Ra8 b6 34. g4 Re6 35. Rf5+ Ke7 36. Kd3 Kd6 37. e4 Ke7 38. Raf8 Kd6 39. R8f7 Ree7 40. Rxe7 Kxe7 41. Rg5 Kf6 42. Re5 Kf7 43. f5 Rd6 44. g5 g6 45. f6 Rd7 46. Kc4 a6 47. a4 Rd6 48. Re7+ Kf8 49. e5 Rd5 50. e6 Rxg5 51. Rc7 b5+ 52. axb5 cxb5+ 53. Kd3 1-0

[Event "CRI-ch"]
[Site "San Jose"]
[Date "2024.01.11"]
[Round "6"]
[White "Ruiz Alfaro, Darrel"]
[Black "Bogantes Robleto, Karina"]
[Result "1-0"]
[WhiteElo "1599"]
[BlackElo "1744"]
[PlyCount "59"]
[EventDate "2024.01.06"]
[EventType "swiss"]
[EventRounds "9"]
[EventCountry "CRI"]
[SourceTitle "CBM 218 Extra"]
[Source "ChessBase"]
[SourceDate "2024.03.31"]
[SourceVersion "1"]
[SourceVersionDate "2024.03.31"]
[SourceQuality "1"]

1. c4 c6 2. Nc3 d5 3. cxd5 cxd5 4. d4 Nf6 5. Bg5 Ne4 6. Bf4 e6 7. f3 Nxc3 8. bxc3 Bd6 9. Bxd6 Qxd6 10. e3 0-0 11. Bd3 e5 12. Ne2 exd4 13. cxd4 Re8 14. Qd2 Bd7 15. 0-0 Re6 16. e4 Rh6 17. e5 Qe7 18. f4 Qh4 19. h3 Nc6 20. Rab1 Rb8 21. Qe3 Kh8 22. f5 a6 23. Rf4 Qg5 24. Qf3 Bc8 25. Qxd5 Rxh3 26. Qxc6 bxc6 27. Rxb8 h5 28. Rxc8+ Kh7 29. Bc4 Re3 30. Bxf7 1-0